000 00498nam a22001937a 4500
003 MPLRDC
005 20220104114705.0
008 210129b ||||| |||| 00| 0 eng d
020 _a7-301-02172-0
082 _a782.886 MZD-35
100 _a郭建宁
245 _a艰辛探索的哲学轨迹
_c
250 _a一版一刷
260 _a
_b北京大学出版社
_c1993
300 _b
490 _a北京大学青年学者文库
650 _a毛泽东传记
942 _cBK
_o782.886 MZD-35
999 _c9464
_d9454